[Event "DVM U14w 2017"]
[Site "Neumünster GER"]
[Date "2017.12.27"]
[Round "1"]
[White "Ziegenfuß, Larissa"]
[Black "Müdder, Melanie"]
[Result "0-1"]
[Termination "normal"]
[Board "1.1"]
[WhiteElo "1691"]
[BlackElo "1829"]
[WhiteClock "00:20:32"]
[BlackClock "00:03:41"]
[WhiteTeam "SG Blau-Weiß Stadtilm"]
[BlackTeam "SG Solingen"]
[PlyCount "146"]
[WhiteFideId "12974722"]
[BlackFideId "12994103"]
[EventCountry "GER"]
[EventRounds "7"]
[EventType "team-swiss"]
[EventDate "2017.12.26"]

1. e4 {[%clk 1:30:58]} c5 {[%clk 1:30:55]} 2. Nc3 {[%clk 1:31:23]} Nc6 {[%clk
1:31:16]} 3. Nge2 {[%clk 1:31:44]} d6 {[%clk 1:31:31]} 4. g3 {[%clk 1:31:59]}
g6 {[%clk 1:31:48]} 5. Bg2 {[%clk 1:32:23]} Bg7 {[%clk 1:32:05]} 6. d3 {[%clk
1:32:05]} e6 {[%clk 1:31:40]} 7. O-O {[%clk 1:31:18]} Nge7 {[%clk 1:31:40]} 8.
Be3 {[%clk 1:30:32]} Nd4 {[%clk 1:30:59]} 9. Qd2 {[%clk 1:24:29]} O-O {[%clk
1:26:42]} 10. Nd1 {[%clk 1:22:10]} Nxe2+ {[%clk 1:24:25]} 11. Qxe2 {[%clk
1:22:27]} Rb8 {[%clk 1:21:22]} 12. Qd2 {[%clk 1:19:56]} b6 {[%clk 1:12:18]} 13.
Bh6 {[%clk 1:17:06]} d5 {[%clk 1:08:52]} 14. Bxg7 {[%clk 1:06:36]} Kxg7 {[%clk
1:08:09]} 15. Qf4 {[%clk 1:01:48]} Bb7 {[%clk 1:02:01]} 16. h4 {[%clk 0:50:13]}
Nc6 {[%clk 0:46:04]} 17. f3 {[%clk 0:41:30]} Nd4 {[%clk 0:41:06]} 18. Qd2
{[%clk 0:37:39]} Qd6 {[%clk 0:37:36]} 19. Qf2 {[%clk 0:34:47]} f5 {[%clk
0:31:46]} 20. c3 {[%clk 0:30:02]} Nc6 {[%clk 0:30:12]} 21. exf5 {[%clk
0:26:58]} exf5 {[%clk 0:29:03]} 22. f4 {[%clk 0:19:52]} b5 {[%clk 0:19:57]} 23.
Bf3 {[%clk 0:17:18]} d4 {[%clk 0:17:59]} 24. c4 {[%clk 0:15:34]} bxc4 {[%clk
0:17:13]} 25. dxc4 {[%clk 0:15:57]} Nb4 {[%clk 0:16:20]} 26. a3 {[%clk
0:14:06]} Bxf3 {[%clk 0:12:43]} 27. Qxf3 {[%clk 0:14:22]} Nc2 {[%clk 0:11:54]}
28. Rc1 {[%clk 0:13:19]} d3 {[%clk 0:10:42]} 29. Qf2 {[%clk 0:08:18]} Nd4
{[%clk 0:07:55]} 30. Kh2 {[%clk 0:07:19]} Rfe8 {[%clk 0:07:10]} 31. Nc3 {[%clk
0:06:47]} Ne2 {[%clk 0:06:35]} 32. Rce1 {[%clk 0:04:57]} Nxc3 {[%clk 0:05:51]}
33. bxc3 {[%clk 0:05:04]} Rxe1 {[%clk 0:03:38]} 34. Rxe1 {[%clk 0:05:27]} d2
{[%clk 0:03:07]} 35. Rd1 {[%clk 0:05:12]} Rd8 {[%clk 0:02:24]} 36. Qe3 {[%clk
0:04:41]} Kf7 {[%clk 0:01:48]} 37. Kg2 {[%clk 0:03:37]} Qd3 {[%clk 0:01:30]}
38. Qf2 {[%clk 0:03:02]} Qc2 {[%clk 0:01:19]} 39. Qf3 {[%clk 0:02:10]} Qe4
{[%clk 0:01:11]} 40. Kf2 {[%clk 0:01:25]} Rd3 {[%clk 0:00:42]} 41. Qg2 {[%clk
0:00:34]} Qe3+ {[%clk 0:27:57]} 42. Kf1 {[%clk 0:30:42]} Rd7 {[%clk 0:27:35]}
43. Qc6 {[%clk 0:29:49]} Ke7 {[%clk 0:25:21]} 44. Qg2 {[%clk 0:29:07]} Qxc3
{[%clk 0:25:16]} 45. Qe2+ {[%clk 0:28:27]} Kf7 {[%clk 0:24:33]} 46. Kf2 {[%clk
0:28:08]} Qd4+ {[%clk 0:23:38]} 47. Kf1 {[%clk 0:26:55]} Qe4 {[%clk 0:20:40]}
48. Rxd2 {[%clk 0:25:15]} Qh1+ {[%clk 0:20:09]} 49. Kf2 {[%clk 0:25:34]} Rxd2
{[%clk 0:20:29]} 50. Qxd2 {[%clk 0:25:56]} Qh2+ {[%clk 0:20:45]} 51. Ke1 {[%clk
0:26:01]} Qxg3+ {[%clk 0:20:48]} 52. Ke2 {[%clk 0:25:29]} Qg2+ {[%clk 0:16:39]}
53. Ke3 {[%clk 0:24:46]} Qe4+ {[%clk 0:16:39]} 54. Kf2 {[%clk 0:24:56]} Qxc4
{[%clk 0:12:11]} 55. Qd7+ {[%clk 0:25:08]} Kf6 {[%clk 0:11:31]} 56. Qxa7 {[%clk
0:24:21]} Qxf4+ {[%clk 0:11:36]} 57. Ke2 {[%clk 0:24:33]} Qe4+ {[%clk 0:11:21]}
58. Kd2 {[%clk 0:24:45]} Qd4+ {[%clk 0:10:49]} 59. Kc2 {[%clk 0:24:48]} Qf2+
{[%clk 0:10:52]} 60. Kc3 {[%clk 0:24:49]} Qe3+ {[%clk 0:10:27]} 61. Kc2 {[%clk
0:25:03]} Qe2+ {[%clk 0:10:36]} 62. Kc3 {[%clk 0:25:20]} Qf3+ {[%clk 0:10:42]}
63. Kc2 {[%clk 0:25:30]} Qf2+ {[%clk 0:11:05]} 64. Kc3 {[%clk 0:25:51]} Qd4+
{[%clk 0:11:14]} 65. Kc2 {[%clk 0:26:05]} Qxh4 {[%clk 0:10:42]} 66. Qb6+ {[%clk
0:25:22]} Kg7 {[%clk 0:10:21]} 67. Qxc5 {[%clk 0:25:16]} Qe4+ {[%clk 0:10:23]}
68. Kc3 {[%clk 0:25:22]} f4 {[%clk 0:10:06]} 69. Qc7+ {[%clk 0:24:23]} Kh6
{[%clk 0:10:22]} 70. Qd7 {[%clk 0:24:11]} Qe3+ {[%clk 0:09:51]} 71. Qd3 {[%clk
0:21:27]} Kg5 {[%clk 0:04:35]} 72. a4 {[%clk 0:21:09]} Kg4 {[%clk 0:03:42]} 73.
a5 {[%clk 0:20:32]} Qc5+ {[%clk 0:03:41]} 0-1

[Event "DVM U14w 2017"]
[Site "Neumünster GER"]
[Date "2017.12.27"]
[Round "1"]
[White "Berelowitsch, Dana"]
[Black "Pflugradt, Natalie"]
[Result "1/2-1/2"]
[Termination "normal"]
[Board "1.2"]
[WhiteElo "1648"]
[BlackElo "1420"]
[WhiteClock "00:04:57"]
[BlackClock "00:21:11"]
[WhiteTeam "SG Solingen"]
[BlackTeam "SG Blau-Weiß Stadtilm"]
[PlyCount "69"]
[WhiteFideId "12977144"]
[BlackFideId "16212444"]
[EventCountry "GER"]
[EventRounds "7"]
[EventType "team-swiss"]
[EventDate "2017.12.26"]

1. e4 {[%clk 1:30:58]} e5 {[%clk 1:30:53]} 2. Nf3 {[%clk 1:31:24]} Nf6 {[%clk
1:31:16]} 3. Nxe5 {[%clk 1:31:47]} d6 {[%clk 1:31:39]} 4. Nf3 {[%clk 1:32:12]}
Nxe4 {[%clk 1:31:56]} 5. d4 {[%clk 1:32:36]} d5 {[%clk 1:32:13]} 6. Bd3 {[%clk
1:24:42]} Bd6 {[%clk 1:29:52]} 7. O-O {[%clk 1:19:07]} O-O {[%clk 1:29:07]} 8.
c4 {[%clk 1:11:53]} c6 {[%clk 1:23:01]} 9. Nc3 {[%clk 1:09:36]} Bf5 {[%clk
1:18:54]} 10. Qc2 {[%clk 0:57:37]} Re8 {[%clk 1:13:40]} 11. Re1 {[%clk
0:54:36]} Bg6 {[%clk 1:00:54]} 12. Nxe4 {[%clk 0:50:17]} dxe4 {[%clk 0:59:40]}
13. Bxe4 {[%clk 0:49:51]} Qe7 {[%clk 0:56:06]} 14. Bg5 {[%clk 0:45:13]} Bxe4
{[%clk 0:50:53]} 15. Bxe7 {[%clk 0:45:26]} Bxc2 {[%clk 0:51:13]} 16. Bxd6
{[%clk 0:45:47]} Nd7 {[%clk 0:49:34]} 17. Rxe8+ {[%clk 0:36:48]} Rxe8 {[%clk
0:49:49]} 18. Re1 {[%clk 0:36:59]} Rxe1+ {[%clk 0:48:12]} 19. Nxe1 {[%clk
0:37:23]} Bf5 {[%clk 0:45:56]} 20. f3 {[%clk 0:37:22]} Nb6 {[%clk 0:45:11]} 21.
b3 {[%clk 0:37:22]} Bb1 {[%clk 0:44:17]} 22. a3 {[%clk 0:35:27]} Ba2 {[%clk
0:43:27]} 23. c5 {[%clk 0:34:34]} Nd5 {[%clk 0:43:34]} 24. b4 {[%clk 0:33:15]}
Bb1 {[%clk 0:42:19]} 25. Kf2 {[%clk 0:27:17]} f6 {[%clk 0:37:35]} 26. Ke2
{[%clk 0:20:54]} Nc3+ {[%clk 0:33:58]} 27. Ke3 {[%clk 0:20:58]} Nb5 {[%clk
0:31:00]} 28. Bb8 {[%clk 0:16:08]} a6 {[%clk 0:27:05]} 29. a4 {[%clk 0:09:58]}
Nc3 {[%clk 0:26:33]} 30. Kd2 {[%clk 0:09:54]} Nd5 {[%clk 0:22:38]} 31. Nd3
{[%clk 0:09:51]} Bxd3 {[%clk 0:22:38]} 32. Kxd3 {[%clk 0:10:15]} Nxb4+ {[%clk
0:22:37]} 33. Ke4 {[%clk 0:08:13]} Nd5 {[%clk 0:22:43]} 34. a5 {[%clk 0:07:42]}
Kf7 {[%clk 0:21:11]} 35. Bd6 {[%clk 0:04:57]} 1/2-1/2

[Event "DVM U14w 2017"]
[Site "Neumünster GER"]
[Date "2017.12.27"]
[Round "1"]
[White "Schmidt, Pauline"]
[Black "Kublanov, Elizabeth"]
[Result "0-1"]
[Termination "normal"]
[Board "1.3"]
[WhiteElo "1271"]
[BlackElo "1561"]
[WhiteClock "00:03:11"]
[BlackClock "00:03:47"]
[WhiteTeam "SG Blau-Weiß Stadtilm"]
[BlackTeam "SG Solingen"]
[PlyCount "66"]
[WhiteFideId "16209850"]
[BlackFideId "12944564"]
[EventCountry "GER"]
[EventRounds "7"]
[EventType "team-swiss"]
[EventDate "2017.12.26"]

1. e4 {[%clk 1:30:57]} d5 {[%clk 1:30:45]} 2. exd5 {[%clk 1:31:18]} Qxd5 {[%clk
1:31:09]} 3. Nc3 {[%clk 1:31:37]} Qa5 {[%clk 1:31:23]} 4. d4 {[%clk 1:31:51]}
c6 {[%clk 1:31:25]} 5. Bc4 {[%clk 1:31:51]} Bf5 {[%clk 1:29:55]} 6. Qe2 {[%clk
1:29:36]} Nf6 {[%clk 1:24:37]} 7. Nf3 {[%clk 1:20:02]} e6 {[%clk 1:19:38]} 8.
Bb3 {[%clk 1:14:13]} Be7 {[%clk 1:17:15]} 9. Bd2 {[%clk 1:09:20]} Qc7 {[%clk
1:15:13]} 10. O-O-O {[%clk 1:06:40]} O-O {[%clk 0:57:38]} 11. h3 {[%clk
1:04:22]} b5 {[%clk 0:54:04]} 12. g4 {[%clk 0:58:40]} Bg6 {[%clk 0:51:50]} 13.
g5 {[%clk 0:54:23]} Nfd7 {[%clk 0:47:26]} 14. h4 {[%clk 0:48:03]} a5 {[%clk
0:43:29]} 15. a4 {[%clk 0:43:05]} bxa4 {[%clk 0:38:12]} 16. Bxa4 {[%clk
0:42:00]} Nb6 {[%clk 0:34:05]} 17. Ne5 {[%clk 0:34:45]} Bf5 {[%clk 0:31:12]}
18. Bf4 {[%clk 0:31:01]} Bd6 {[%clk 0:29:33]} 19. Bg3 {[%clk 0:26:47]} Nxa4
{[%clk 0:24:30]} 20. Nxa4 {[%clk 0:26:52]} Na6 {[%clk 0:23:29]} 21. c3 {[%clk
0:20:25]} Qb7 {[%clk 0:17:40]} 22. Qc4 {[%clk 0:15:49]} Be4 {[%clk 0:16:16]}
23. Rhg1 {[%clk 0:08:38]} Bd5 {[%clk 0:15:58]} 24. Qd3 {[%clk 0:08:05]} Bb3
{[%clk 0:12:48]} 25. Nc5 {[%clk 0:06:33]} Bxc5 {[%clk 0:12:54]} 26. dxc5 {[%clk
0:06:45]} Bxd1 {[%clk 0:12:59]} 27. Qxd1 {[%clk 0:06:38]} Nxc5 {[%clk 0:12:09]}
28. h5 {[%clk 0:06:10]} Nb3+ {[%clk 0:05:59]} 29. Kc2 {[%clk 0:04:43]} Rfd8
{[%clk 0:05:07]} 30. Qf3 {[%clk 0:03:47]} Rd2+ {[%clk 0:04:24]} 31. Kb1 {[%clk
0:03:24]} Rxb2+ {[%clk 0:03:01]} 32. Kxb2 {[%clk 0:02:57]} Nd2+ {[%clk
0:03:20]} 33. Kc2 {[%clk 0:03:11]} Nxf3 {[%clk 0:03:47]} 0-1

[Event "DVM U14w 2017"]
[Site "Neumünster GER"]
[Date "2017.12.27"]
[Round "1"]
[White "Bashylina, Luisa"]
[Black "Wilhelm, Anna-Lena"]
[Result "1-0"]
[Termination "normal"]
[Board "1.4"]
[WhiteElo "1700"]
[BlackElo "1122"]
[WhiteClock "00:32:13"]
[BlackClock "00:10:22"]
[WhiteTeam "SG Solingen"]
[BlackTeam "SG Blau-Weiß Stadtilm"]
[PlyCount "53"]
[WhiteFideId "12983292"]
[BlackFideId "16230094"]
[EventCountry "GER"]
[EventRounds "7"]
[EventType "team-swiss"]
[EventDate "2017.12.26"]

1. e4 {[%clk 1:30:58]} e5 {[%clk 1:30:54]} 2. Nf3 {[%clk 1:31:23]} Nc6 {[%clk
1:31:18]} 3. d4 {[%clk 1:31:49]} exd4 {[%clk 1:31:44]} 4. Nxd4 {[%clk 1:32:15]}
Bc5 {[%clk 1:31:52]} 5. Be3 {[%clk 1:32:05]} Qf6 {[%clk 1:31:01]} 6. c3 {[%clk
1:32:12]} Nge7 {[%clk 1:30:51]} 7. Bc4 {[%clk 1:32:16]} b6 {[%clk 1:29:11]} 8.
O-O {[%clk 1:29:59]} Bb7 {[%clk 1:29:01]} 9. f4 {[%clk 1:24:43]} O-O-O {[%clk
1:02:21]} 10. Qd2 {[%clk 1:15:51]} Ng6 {[%clk 0:47:23]} 11. b4 {[%clk 1:09:03]}
Be7 {[%clk 0:43:11]} 12. a4 {[%clk 0:50:05]} a5 {[%clk 0:36:20]} 13. Nxc6
{[%clk 0:47:40]} Qxc6 {[%clk 0:32:22]} 14. Bd5 {[%clk 0:44:55]} Qd6 {[%clk
0:31:05]} 15. Na3 {[%clk 0:37:26]} Ba6 {[%clk 0:26:01]} 16. e5 {[%clk 0:36:07]}
Nxe5 {[%clk 0:23:28]} 17. fxe5 {[%clk 0:35:46]} Qxe5 {[%clk 0:22:50]} 18. Bf4
{[%clk 0:35:04]} Qf5 {[%clk 0:21:11]} 19. b5 {[%clk 0:34:53]} Bc5+ {[%clk
0:19:06]} 20. Kh1 {[%clk 0:34:39]} Bb7 {[%clk 0:16:40]} 21. Bxb7+ {[%clk
0:34:32]} Kxb7 {[%clk 0:17:01]} 22. Bxc7 {[%clk 0:33:42]} Qe6 {[%clk 0:15:34]}
23. Bxd8 {[%clk 0:33:18]} Rxd8 {[%clk 0:15:54]} 24. Nc2 {[%clk 0:33:07]} f6
{[%clk 0:15:09]} 25. Nd4 {[%clk 0:33:04]} Qd6 {[%clk 0:13:51]} 26. Rad1 {[%clk
0:33:08]} Qe5 {[%clk 0:10:22]} 27. Nc6 {[%clk 0:32:13]} 1-0

[Event "DVM U14w 2017"]
[Site "Neumünster GER"]
[Date "2017.12.27"]
[Round "1"]
[White "Rudolph, Eva"]
[Black "Wagner, Victoria"]
[Result "1/2-1/2"]
[Termination "normal"]
[Board "2.1"]
[WhiteElo "1757"]
[BlackElo "1560"]
[WhiteClock "00:00:53"]
[BlackClock "00:03:38"]
[WhiteTeam "Düsseldorfer SK"]
[BlackTeam "Erfurter SK"]
[PlyCount "58"]
[WhiteFideId "16200594"]
[BlackFideId "16232348"]
[EventCountry "GER"]
[EventRounds "7"]
[EventType "team-swiss"]
[EventDate "2017.12.26"]

1. e4 {[%clk 1:30:58]} c5 {[%clk 1:30:54]} 2. Nc3 {[%clk 1:31:16]} a6 {[%clk
1:31:07]} 3. f4 {[%clk 1:31:02]} b5 {[%clk 1:31:29]} 4. Nf3 {[%clk 1:28:39]}
Bb7 {[%clk 1:31:08]} 5. d3 {[%clk 1:24:25]} e6 {[%clk 1:29:53]} 6. Be2 {[%clk
1:21:50]} Nf6 {[%clk 1:28:00]} 7. O-O {[%clk 1:17:45]} Be7 {[%clk 1:23:49]} 8.
Kh1 {[%clk 1:05:23]} d6 {[%clk 1:09:31]} 9. Qe1 {[%clk 1:01:27]} O-O {[%clk
1:02:50]} 10. Qg3 {[%clk 0:57:03]} Re8 {[%clk 0:59:40]} 11. e5 {[%clk 0:41:37]}
Nd5 {[%clk 0:54:05]} 12. f5 {[%clk 0:32:49]} exf5 {[%clk 0:47:46]} 13. Bh6
{[%clk 0:25:40]} g6 {[%clk 0:43:21]} 14. Ng5 {[%clk 0:14:39]} f4 {[%clk
0:37:06]} 15. Rxf4 {[%clk 0:13:46]} Nxf4 {[%clk 0:34:00]} 16. Qxf4 {[%clk
0:14:01]} Bxg5 {[%clk 0:32:35]} 17. Bxg5 {[%clk 0:10:50]} dxe5 {[%clk 0:29:06]}
18. Qh4 {[%clk 0:08:59]} Qd4 {[%clk 0:27:03]} 19. Qh3 {[%clk 0:05:50]} f5
{[%clk 0:16:52]} 20. Be3 {[%clk 0:02:49]} Qd6 {[%clk 0:16:55]} 21. Rd1 {[%clk
0:02:41]} Nd7 {[%clk 0:15:35]} 22. Bf3 {[%clk 0:02:25]} Bxf3 {[%clk 0:15:33]}
23. Qxf3 {[%clk 0:02:44]} Nf6 {[%clk 0:13:14]} 24. Bf2 {[%clk 0:02:56]} Rad8
{[%clk 0:08:53]} 25. Re1 {[%clk 0:01:23]} Qc7 {[%clk 0:04:18]} 26. Bh4 {[%clk
0:01:25]} Qd6 {[%clk 0:03:04]} 27. Qf2 {[%clk 0:00:40]} Rc8 {[%clk 0:02:54]}
28. Qf3 {[%clk 0:00:46]} Rcd8 {[%clk 0:03:14]} 29. Qf2 {[%clk 0:00:53]} Rc8
{[%clk 0:03:38]} 1/2-1/2

[Event "DVM U14w 2017"]
[Site "Neumünster GER"]
[Date "2017.12.27"]
[Round "1"]
[White "Günther, Amelie"]
[Black "Sokolowski, Judith"]
[Result "0-1"]
[Termination "normal"]
[Board "2.2"]
[WhiteElo "1467"]
[BlackElo "1351"]
[WhiteClock "00:10:07"]
[BlackClock "00:04:40"]
[WhiteTeam "Erfurter SK"]
[BlackTeam "Düsseldorfer SK"]
[PlyCount "80"]
[WhiteFideId "12995630"]
[BlackFideId "16200624"]
[EventCountry "GER"]
[EventRounds "7"]
[EventType "team-swiss"]
[EventDate "2017.12.26"]

1. d4 {[%clk 1:30:59]} d5 {[%clk 1:30:56]} 2. Nf3 {[%clk 1:31:23]} e6 {[%clk
1:31:19]} 3. e3 {[%clk 1:31:46]} Nf6 {[%clk 1:31:36]} 4. Bd3 {[%clk 1:31:51]}
c5 5. b3 Nbd7 {[%clk 1:21:39]} 6. O-O {[%clk 1:31:52]} Be7 {[%clk 1:20:49]} 7.
Bb2 {[%clk 1:31:44]} O-O {[%clk 1:17:46]} 8. Nbd2 {[%clk 1:31:42]} b6 {[%clk
1:16:22]} 9. Ne5 {[%clk 1:30:48]} Bb7 {[%clk 1:13:14]} 10. f4 {[%clk 1:30:21]}
Ne4 {[%clk 1:05:59]} 11. Nxe4 {[%clk 1:28:36]} dxe4 {[%clk 1:05:42]} 12. Bc4
{[%clk 1:26:39]} Qc7 {[%clk 0:45:19]} 13. Qh5 {[%clk 1:21:44]} Nf6 {[%clk
0:42:24]} 14. Qh3 {[%clk 1:17:24]} Bd5 {[%clk 0:39:05]} 15. Rac1 {[%clk
1:10:04]} Bxc4 {[%clk 0:35:26]} 16. Nxc4 {[%clk 1:09:54]} b5 {[%clk 0:32:10]}
17. Ne5 {[%clk 1:09:20]} c4 {[%clk 0:30:10]} 18. c3 {[%clk 1:08:15]} Rac8
{[%clk 0:28:21]} 19. f5 {[%clk 1:07:00]} Bd6 {[%clk 0:20:09]} 20. fxe6 {[%clk
1:03:53]} Bxe5 {[%clk 0:17:34]} 21. exf7+ {[%clk 0:57:32]} Kxf7 {[%clk
0:15:40]} 22. dxe5 {[%clk 0:55:53]} Qxe5 {[%clk 0:16:06]} 23. Rf5 {[%clk
0:43:09]} Qb8 {[%clk 0:14:24]} 24. Qg4 {[%clk 0:29:06]} Kg8 {[%clk 0:13:31]}
25. Qf4 {[%clk 0:27:48]} Qxf4 {[%clk 0:13:26]} 26. Rxf4 {[%clk 0:28:09]} Rfd8
{[%clk 0:13:40]} 27. Rf2 {[%clk 0:26:41]} Rd3 {[%clk 0:14:01]} 28. Re1 {[%clk
0:26:39]} Rcd8 {[%clk 0:12:24]} 29. h3 {[%clk 0:23:42]} a6 {[%clk 0:12:28]} 30.
Ree2 {[%clk 0:19:52]} Nd5 {[%clk 0:12:10]} 31. bxc4 {[%clk 0:18:37]} bxc4
{[%clk 0:12:27]} 32. Rf1 {[%clk 0:18:24]} Nxe3 {[%clk 0:11:34]} 33. Rfe1 {[%clk
0:17:09]} Nd1 {[%clk 0:09:59]} 34. Ba1 {[%clk 0:15:24]} e3 {[%clk 0:07:27]} 35.
Rc2 {[%clk 0:14:08]} Nf2 {[%clk 0:05:57]} 36. Kf1 {[%clk 0:12:43]} Ne4 {[%clk
0:05:36]} 37. Ke2 {[%clk 0:12:06]} Ng3+ {[%clk 0:04:31]} 38. Kf3 {[%clk
0:11:56]} e2+ {[%clk 0:04:16]} 39. Kf2 {[%clk 0:10:59]} Rf8+ {[%clk 0:04:33]}
40. Kg1 {[%clk 0:10:07]} Rf1+ {[%clk 0:04:40]} 0-1

[Event "DVM U14w 2017"]
[Site "Neumünster GER"]
[Date "2017.12.27"]
[Round "1"]
[White "Kogan, Dina Rachel"]
[Black "Wagner, Margarethe"]
[Result "0-1"]
[Termination "normal"]
[Board "2.3"]
[WhiteElo "1345"]
[BlackElo "1490"]
[WhiteClock "00:05:27"]
[BlackClock "00:12:57"]
[WhiteTeam "Düsseldorfer SK"]
[BlackTeam "Erfurter SK"]
[PlyCount "100"]
[WhiteFideId "16200608"]
[BlackFideId "16236947"]
[EventCountry "GER"]
[EventRounds "7"]
[EventType "team-swiss"]
[EventDate "2017.12.26"]

1. e4 {[%clk 1:30:54]} c5 {[%clk 1:30:51]} 2. Nc3 {[%clk 1:31:16]} a6 {[%clk
1:30:26]} 3. g3 {[%clk 1:31:20]} b5 {[%clk 1:27:26]} 4. Bg2 {[%clk 1:30:59]}
Bb7 {[%clk 1:25:57]} 5. d3 {[%clk 1:30:41]} e6 {[%clk 1:24:33]} 6. f4 {[%clk
1:30:32]} Nf6 {[%clk 1:22:59]} 7. Nf3 {[%clk 1:29:36]} Be7 {[%clk 1:19:40]} 8.
O-O {[%clk 1:27:11]} d5 {[%clk 1:15:33]} 9. e5 {[%clk 1:23:51]} Nfd7 {[%clk
1:13:18]} 10. g4 {[%clk 1:21:11]} g6 {[%clk 1:09:43]} 11. Ne2 {[%clk 1:17:59]}
Nb6 {[%clk 1:01:03]} 12. d4 {[%clk 1:11:56]} c4 {[%clk 0:55:59]} 13. Ng3 {[%clk
0:58:32]} f5 {[%clk 0:46:57]} 14. Ng5 {[%clk 0:56:31]} Bc8 {[%clk 0:41:43]} 15.
gxf5 {[%clk 0:53:24]} exf5 {[%clk 0:40:14]} 16. Nf3 {[%clk 0:48:43]} h6 {[%clk
0:38:53]} 17. Qe2 {[%clk 0:48:06]} Be6 {[%clk 0:38:57]} 18. Bh3 {[%clk
0:42:55]} Nc6 {[%clk 0:38:44]} 19. c3 {[%clk 0:41:02]} Rb8 {[%clk 0:36:37]} 20.
b3 {[%clk 0:38:18]} a5 {[%clk 0:34:02]} 21. a4 {[%clk 0:32:29]} Na7 {[%clk
0:29:51]} 22. Bd2 {[%clk 0:28:26]} cxb3 {[%clk 0:28:21]} 23. Rfb1 {[%clk
0:21:52]} bxa4 {[%clk 0:26:52]} 24. Qa6 {[%clk 0:20:20]} Nc6 {[%clk 0:26:15]}
25. Qb5 Qc8 {[%clk 0:25:55]} 26. Bg2 {[%clk 0:18:12]} Bd7 {[%clk 0:22:15]} 27.
e6 {[%clk 0:16:43]} Bxe6 {[%clk 0:19:05]} 28. Ne5 {[%clk 0:17:06]} Bd7 {[%clk
0:18:46]} 29. Nxg6 {[%clk 0:11:11]} Rg8 {[%clk 0:15:46]} 30. Nxe7 Nxe7 {[%clk
0:15:09]} 31. Qxa5 {[%clk 0:11:48]} Nc4 {[%clk 0:15:13]} 32. Qc5 {[%clk
0:08:52]} Qxc5 {[%clk 0:14:44]} 33. dxc5 {[%clk 0:09:17]} Nxd2 {[%clk 0:15:08]}
34. Rb2 {[%clk 0:09:15]} Nc4 {[%clk 0:15:09]} 35. Re2 {[%clk 0:09:04]} b2
{[%clk 0:12:11]} 36. Rb1 {[%clk 0:09:28]} a3 {[%clk 0:11:18]} 37. Bxd5 {[%clk
0:09:16]} a2 {[%clk 0:11:06]} 38. Ree1 {[%clk 0:06:24]} axb1=Q {[%clk 0:11:11]}
39. Rxb1 {[%clk 0:06:49]} Nxd5 {[%clk 0:11:28]} 40. Kf2 {[%clk 0:05:17]} Na3
{[%clk 0:11:09]} 41. Re1+ {[%clk 0:05:01]} Kf7 {[%clk 0:11:20]} 42. h4 {[%clk
0:04:29]} b1=Q {[%clk 0:11:36]} 43. Rxb1 {[%clk 0:04:56]} Rxb1 {[%clk 0:11:51]}
44. h5 {[%clk 0:04:52]} Rb2+ {[%clk 0:12:09]} 45. Kf3 {[%clk 0:05:08]} Bc6
{[%clk 0:11:47]} 46. c4 {[%clk 0:04:03]} Nc7+ {[%clk 0:11:47]} 47. Ke3 {[%clk
0:04:24]} Rxg3+ {[%clk 0:12:07]} 48. Kd4 {[%clk 0:04:44]} Rd2+ {[%clk 0:12:26]}
49. Ke5 {[%clk 0:05:03]} Re3+ {[%clk 0:12:40]} 50. Kxf5 {[%clk 0:05:27]} Bd7#
{[%clk 0:12:57]} 0-1

[Event "DVM U14w 2017"]
[Site "Neumünster GER"]
[Date "2017.12.27"]
[Round "1"]
[White "Westerhoff, Emily"]
[Black "Orlova, Alicia"]
[Result "0-1"]
[Termination "normal"]
[Board "2.4"]
[WhiteElo "879"]
[BlackElo "1511"]
[WhiteClock "00:49:08"]
[BlackClock "01:11:25"]
[WhiteTeam "Erfurter SK"]
[BlackTeam "Düsseldorfer SK"]
[PlyCount "48"]
[WhiteFideId "16255798"]
[BlackFideId "34154563"]
[EventCountry "GER"]
[EventRounds "7"]
[EventType "team-swiss"]
[EventDate "2017.12.26"]

1. c4 {[%clk 1:30:55]} e5 {[%clk 1:30:24]} 2. Nc3 {[%clk 1:30:09]} Nf6 {[%clk
1:30:24]} 3. g3 {[%clk 1:29:02]} d5 {[%clk 1:30:15]} 4. d3 {[%clk 1:28:02]} Be6
{[%clk 1:29:44]} 5. b3 Bb4 6. Bd2 {[%clk 1:24:36]} Nbd7 {[%clk 1:27:16]} 7. Bg2
{[%clk 1:23:00]} c6 {[%clk 1:27:19]} 8. Nb1 {[%clk 1:17:14]} Bd6 {[%clk
1:25:20]} 9. Qc1 {[%clk 1:13:50]} O-O {[%clk 1:24:58]} 10. b4 {[%clk 1:12:58]}
b6 {[%clk 1:24:26]} 11. Be3 {[%clk 1:10:26]} Bxb4+ {[%clk 1:24:36]} 12. Bd2
{[%clk 1:09:28]} Bxd2+ {[%clk 1:24:19]} 13. Nxd2 Rc8 14. Qb2 {[%clk 1:05:07]}
Qc7 {[%clk 1:21:45]} 15. Ngf3 {[%clk 1:02:38]} e4 {[%clk 1:21:11]} 16. dxe4
{[%clk 1:02:45]} Nxe4 {[%clk 1:18:46]} 17. cxd5 {[%clk 1:02:19]} Bxd5 {[%clk
1:18:20]} 18. Qc2 {[%clk 1:01:55]} Ndf6 {[%clk 1:18:16]} 19. Nh4 Nxd2 {[%clk
1:16:22]} 20. Bxd5 {[%clk 0:59:55]} Nxd5 {[%clk 1:16:27]} 21. Qxd2 {[%clk
1:00:03]} Qe5 {[%clk 1:15:57]} 22. Rd1 {[%clk 0:52:16]} Rfe8 {[%clk 1:14:14]}
23. Nf3 {[%clk 0:51:33]} Qe4 {[%clk 1:11:19]} 24. Ng5 {[%clk 0:49:08]} Qxh1#
{[%clk 1:11:25]} 0-1